| 000 | 02694nam0a2200481 4500 | ||
|---|---|---|---|
| 001 | RU\NLR\bibl\270420 | ||
| 005 | 20260407074145.0 | ||
| 010 | _a5-89221-027-8 | ||
| 021 |
_aRU _b2002-4291 _9204 |
||
| 035 | _a(NLR Aleph) 000265967 | ||
| 090 |
_a1554360 _c1554360 |
||
| 100 | _a20020517d2000 |||y0rusy50 ca | ||
| 101 | 0 |
_arus _aeng |
|
| 102 | _aRU | ||
| 105 | _ay ||||||||| | ||
| 200 | 1 |
_aИндонезийский и малайский мир во втором тысячелетии: основные вехи развития _dIndonesian and Malay world in the second millenium: milestones of development _eДокл. участников 11-го Европ. коллоквиума по индонез. и малайс. исслед., Москва, 29 июня - 1 июля 1999 г. _f[Редкол.: Дорофеева Т.В. и др.] _zeng |
|
| 210 |
_aМ. _cГуманитарий _d2000 |
||
| 215 |
_a324 с. _d21 |
||
| 300 | _aПарал. загл. также на индонез. яз. | ||
| 300 | _aВ надзаг.: Ин-т стран Азии и Африки МГУ им. М.В. Ломоносова, О-во "Нусантара" | ||
| 300 | _aТекст на рус., англ., индонез. яз. | ||
| 320 | _aБиблиогр. в конце докл. | ||
| 510 | 1 |
_aIndonesian and Malay world in the second millenium: milestones of development _zeng |
|
| 607 |
_aИндонезия _jСъезды, совещания и т.п. _xИстория _z20 в. _9984516 _3RU\NLR\auth\6652773 |
||
| 607 |
_aМалайзия _jСъезды, совещания и т.п. _xИстория _z1945 - _92143396 _3RU\NLR\auth\661291603 |
||
| 610 | 0 | _aСоциально-экономические проблемы развития | |
| 610 | 0 | _aКультура народов Индонезии | |
| 610 | 0 | _aКультура народов Малайзии | |
| 610 | 0 | _aИндонезия | |
| 610 | 0 | _aМалайзия, политикаполитика | |
| 675 |
_a32(592+910)(082) _v3 _zrus |
||
| 686 |
_a11 _2rugasnti |
||
| 686 |
_a66.2(0) _2rubbk |
||
| 686 | _aТ3(5Ин)63я431 | ||
| 686 | _aТ3(5М)63я431 | ||
| 702 | 1 |
_4340 _8rus _7ca _aДорофеева _bТ. В. _f1948-2012 _gТатьяна Валерьяновна _3RU\NLR\auth\77125277 _9108202 |
|
| 711 | 1 | 2 |
_aЕвропейский коллоквиум по индонезийским и малайским исследованиям _d11 _f1999 _eМосква _3RU\NLR\AUTH\8810038175 _9575183 |
| 801 | 0 |
_aRU _bRKP _c20020517 _gPSBO |
|
| 801 | 1 |
_aRU _bRKP _c20020517 |
|
| 801 | 2 |
_aRU _bNLR _c20130814 _grcr |
|
| 942 | _cBOOK | ||
| 980 | _aNB | ||